00447 2200181 4500001002100000005001500021035002000036008004100056245004400097100001900141250000600160260004000166300001100206084001400217082000800231650001400239990001200253INLIS00000000000022220240502022826 a0010-0424000198240502 0 ind 1 aMisteri Perilaku Satwa /cWeny Suhendra aSuhendra, Weny a1 aSemarang :bTiga Media Prima,c2011 a74 hlm a590 WEN m a590 4aNon Fiksi a0732432